Podiums du Tournoi Maurice-Revello (ex Tournoi de Toulon) - Statistiques

Statistiques générales
  • Ce quiz a été pris 13 fois
  • Le résultat moyen est 138 sur 153
Statistiques - réponses
Année Réponse % Correct
1975 | 1998 Argentine
100%
1980 | 1981 | 1983 | +6 others Brésil
100%
Espagne
100%
France
100%
Italie
100%
Pays-Bas
100%
1992 | 2001 | 2003 Portugal
100%
Angleterre
91%
Chili
91%
Chine
91%
1999 | 2000 | 2011 Colombie
91%
Danemark
91%
États-Unis
91%
Japon
91%
Mexique
91%
Suède
91%
Tchécoslovaquie
91%
1982 Yougoslavie
91%
Arabie Saoudite
82%
Maroc
82%
1974 Pologne
82%
Turquie
82%
2024 Ukraine
82%
1979 URSS
82%
Australie
73%
Côte d'Ivoire
73%
1976 | 1986 Bulgarie
64%
Écosse
64%
| 1978 Hongrie
64%
Venezuela
64%
2023 Panama
27%
1967 RSC Anderlecht
27%
Slovan Bratislava
27%
Nimes Olympique
18%
Aucun quiz correspondant
Distribution des résultats
% des personnes avec chaque résultat
Percentile par nombre de réponses
Votre historique - résultats
Vous n’avez pas pris ce quiz